• 首页
  • 本馆介绍
  • 公告通知
  • 最新文献
  • 馆藏检索
  • 电子资源
  • 读者导购
  • 参考咨询
  • 我的图书馆
  • 登录
  • 详细信息显示
  • 放入我的书架
  • 预约/预借图书
  • 作者相关作品
  • 分类相关作品
  • 丛书相关作品
  • 出版社相关作品

书目信息

  • 表格格式
  • 工作单格式
  • 卡片格式
题名:
高水平竞技运动体能训练研究
    
 
作者: 王芬 主编 ;国家体育总局干部培训中心 编
分册:  
出版信息: 北京   北京体育大学出版社  2009
页数: 428页
开本: 21cm
丛书名: 中国体育高层次教练人才论丛
单 册:
中图分类: G808.14
科图分类:
主题词: 身体训练--研究 , 身体训练
电子资源:
ISBN: 978-7-5644-0135-1
000 01475oam2 2200289 45
001 1132067577
005 20110314090259.12
010    @a978-7-5644-0135-1@dCNY29.00
100    @a20110122d2009 em y0chiy50 ea
101 0  @achi
102    @aCN@b110000
105    @aa z 000yy
106    @ar
200 1  @a高水平竞技运动体能训练研究@AGao Shui Ping Jing Ji Yun Dong Ti Neng Xun Lian Yan Jiu@e国家体育总局2007年国家队教练员体能训练专项培训班赴美国学习考察报告@EGuo Jia Ti Yu Zong Ju 2007 Nian Guo Jia Dui Jiao Lian Yuan Ti Neng Xun Lian Zhuan Xiang Pei Xun Ban Fu Mei Guo Xue Xi Kao Cha Bao Gao@f王芬主编@FWang Fen Zhu Bian@g国家体育总局干部培训中心编
210    @a北京@c北京体育大学出版社@d2009
215    @a428页@c图,照片@d21cm
225 2  @a中国体育高层次教练人才论丛
330    @a本书作者对“国家体育总局2007年国家队教练员体能训练专项培训班”进行了记录、整理,并在对这些材料吸收、思考的基础上,撰写出自己的培训总结。
461  0 @12001 @a中国体育高层次教练人才论丛
517 1  @a国家体育总局2007年国家队教练员体能训练专项培训班赴美国学习考察报告@AGuo Jia Ti Yu Zong Ju 2007 Nian Guo Jia Dui Jiao Lian Yuan Ti Neng Xun Lian Zhuan Xiang Pei Xun Ban Fu Mei Guo Xue Xi Kao Cha Bao Gao
606 0  @a身体训练@x研究
606 0  @a身体训练
690    @aG808.14@v4
701  0 @a王芬@AWang Fen@4主编
712 02 @a国家体育总局干部培训中心@AGuo Jia Ti Yu Zong Ju Gan Bu Pei Xun Zhong Xin@4编
801  0 @aCN@bTANGWEI@c20110314
905    @b0532241-45@dG808.14@e468@f5
    
    高水平竞技运动体能训练研究:国家体育总局2007年国家队教练员体能训练专项培训班赴美国学习考察报告/王芬主编/国家体育总局干部培训中心编.-北京:北京体育大学出版社,2009
    428页:图,照片;21cm.-(中国体育高层次教练人才论丛)
    
    
    ISBN 978-7-5644-0135-1:CNY29.00
    本书作者对“国家体育总局2007年国家队教练员体能训练专项培训班”进行了记录、整理,并在对这些材料吸收、思考的基础上,撰写出自己的培训总结。
●
相关链接 在E读中查询图书 在五车中查询图书 在当当中查询图书 在豆瓣中查询图书


正题名:高水平竞技运动体能训练研究     索取号:G808.14/468         预约/预借

序号 登录号 条形码 馆藏地/架位号 状态 备注
1 0532241   205322417   第一样本阅览室/ [索取号:G808.14/468] 在馆    
2 0532242   205322426   第四借阅区/ [索取号:G808.14/468] 在馆    
3 0532243   205322435   第四借阅区/ [索取号:G808.14/468] 在馆    
4 0532244   205322444   第四借阅区/ [索取号:G808.14/468] 在馆    
5 0532245   205322453   密集书库-体育系/ [索取号:G808.14/468] 在馆    
唐山师范学院图书馆 欢迎您!
大连网信软件有限公司© 版权所有